| Tag |
First Indicator |
Second Indicator |
Subfields |
| LEADER |
00000cam a22000004a 4500 |
| 001 |
in00001536421 |
| 005 |
20151022051936.0 |
| 008 |
000424s2000 nyuab b 000 0 eng |
| 010 |
|
|
|a 99044866
|
| 020 |
|
|
|a 0865475768 (alk. paper)
|
| 035 |
|
|
|a (OCoLC)42290372
|
| 040 |
|
|
|a DLC
|c DLC
|d C#P
|d TXA
|d UtOrBLW
|
| 042 |
|
|
|a pcc
|
| 043 |
|
|
|a e-urf--
|
| 049 |
|
|
|a TXAM
|
| 050 |
0 |
0 |
|a QL737.C23
|b M28 2000
|
| 082 |
0 |
0 |
|a 599.756/0957/7
|2 21
|
| 100 |
1 |
|
|a Matthiessen, Peter.
|
| 245 |
1 |
0 |
|a Tigers in the snow /
|c Peter Matthiessen ; introduction and photographs by Maurice Hornocker.
|
| 250 |
|
|
|a 1st ed.
|
| 264 |
|
1 |
|a New York :
|b North Point Press,
|c 2000.
|
| 300 |
|
|
|a xviii, 185 pages :
|b illustrations (some color), color map ;
|c 25 cm.
|
| 336 |
|
|
|a text
|b txt
|2 rdacontent
|
| 337 |
|
|
|a unmediated
|b n
|2 rdamedia
|
| 338 |
|
|
|a volume
|b nc
|2 rdacarrier
|
| 500 |
|
|
|a Map on lining papers.
|
| 504 |
|
|
|a Includes bibliographical references (pages 177-185).
|
| 650 |
|
0 |
|a Tiger
|z Russia (Federation)
|z Russian Far East.
|
| 650 |
|
0 |
|a Endangered species
|z Russia (Federation)
|z Russian Far East.
|
| 994 |
|
|
|a E0
|b TXA
|
| 948 |
|
|
|a cataloged
|b h
|c 2000/4/24
|d c
|e ceaton
|f 6:58:47 pm
|
| 999 |
|
|
|a MARS
|
| 999 |
f |
f |
|s ed6e435c-6c65-342d-a523-5cc06d9eacca
|i 76147aad-b053-3ac3-a0c5-0f0e8e065e2d
|t 0
|
| 952 |
f |
f |
|p normal
|a Texas A&M University
|b College Station
|c Sterling C. Evans Library
|d Evans: Library Stacks
|t 0
|e QL737.C23 M28 2000
|h Library of Congress classification
|i unmediated -- volume
|m A14825854984
|
| 998 |
f |
f |
|a QL737.C23 M28 2000
|t 0
|l Evans: Library Stacks
|